000 01127pab a2200169 454500
008 180718b2000 xxu||||| |||| 00| 0 eng d
100 _aSingh, Alka
245 _aRegional disparities in growth and structure of public investment in agricultural research and education
260 _c2000
300 _ap.360-66.
362 _aDec
520 _aThe present paper studies the regional disparities in structure of investment in agricultural research and education and assess the productivity gains in agriculture arising out of research investment. Results observed that all the States showed impressive growth in research investments and spent more on agricultural research relative to their agricultural gross domestic product (agricultural research intensity) in 1992-94 than they did in 1980-82. Results also indicate an association between high growth rate in real investment in research and education and growth in average value of yield per hectare in all states except West Bengal. - Reproduced.
650 _aAgricultural education
650 _aAgricultural research
773 _aArtha Vijnana
909 _a53352
999 _c53352
_d53352